Príčiny a dôsledky migrácie obyvateľstva z, do a vo vnútri regiónu Latinskej Ameriky bakalárska práca

Saved in:
Bibliographic Details
Main Author: Brunovská, Lucia
Corporate Author: Fakulta medzinárodných vzťahov EU. Katedra medzinárodných politických vzťahov
Other Authors: Reťkovský, Peter
Format: Book
Language:Slovak
Published: Bratislava 2011
Tags: Add Tag
No Tags, Be the first to tag this record!

MARC

LEADER 00000nbm a2200000 4500
001 0131162
005 20161109111412.5
041 0 |a slo 
044 |a SK 
245 1 0 |a Príčiny a dôsledky migrácie obyvateľstva z, do a vo vnútri regiónu Latinskej Ameriky  |b bakalárska práca  |c Lucia Brunovská ; školiteľ: Peter Reťkovský 
264 1 |a Bratislava  |c 2011 
300 |a 45 s. 
100 1 |a Brunovská, Lucia 
700 1 |a Reťkovský, Peter 
710 2 |a Fakulta medzinárodných vzťahov EU. Katedra medzinárodných politických vzťahov